Movies that Start with the letter B - Statistics

General Stats
  • This quiz has been taken 101 times
  • The average score is 7 of 20
Answer Stats
Description Movie % Correct
Fashion doll goes on a magical journey between real and imaginative worlds Barbie
95%
Scottish warrior leads his countrymen in a rebellion to free his homeland from the English tyrant Braveheart
89%
Whiny news reporter is given the chance to step into God's shoes. Bruce Almighty
58%
Harassed by a newly moved unbearable family, a deceased couple hires a malicious spirit to drive them out. Beetlejuice
56%
Half-vampire, half-mortal man becomes a protector of the mortal race, by slaying evil vampires. Blade
44%
Two ambitious girls, despite their parents' wishes, have their hearts set on careers in professional football Bend it like Beckham
43%
Story of a legendary British rock band lead singer Bohemian Rhapsody
41%
Heir to a hidden advanced kingdom must lead his people into a new future Black Panther
37%
A washed-up superhero actor attempts to revive his fading career by writing, directing, and starring in a Broadway production Birdman
33%
A young man and woman meet on a train in Europe, and wind up spending one evening together in Vienna Before Sunrise
32%
A man realizes that changing small events in his past can dramatically alter the course of his life Butterfly Effect,the
30%
A young man is torn between the influences of his father and a local mobster in 1960s New York Bronx tale, A
22%
Desperate man is shattered when the bicycle he needs for his job is stolen Bicycle thieves
21%
American lawyer assists the CIA in swapping a Soviet spy for a captured American pilot Bridge of Spies
20%
Violent police detective investigates a brutal murder that involve a manipulative and seductive novelist Basic Instinct
15%
A group of investors bet against the United States mortgage market Big Short, the
15%
A group of fame-obsessed teenagers use the internet to track celebrities' whereabouts to rob their homes. Bling Ring, the
10%
A fisherman, a smuggler, and a business syndicate match wits over the possession of a priceless gem Blood Diamond
10%
Son of a German commandant makes a forbidden friendship with a Jewish boy Boy in Striped Pajamas, the
9%
Briefcase-carrying infant pairs up with his 7-year old brother Boss Baby, the
4%
No matching quizzes found
Score Distribution
Percent of People with Each Score
Percentile by Number Answered
Your Score History
You have not taken this quiz